Ερευνώντας τους Λαβύρινθους του Εγκεφάλου / Κλινική Νευροψυχολογία (Record no. 112)
[ view plain ]
| 000 -LEADER | |
|---|---|
| fixed length control field | 02118cam a22002054a 4500 |
| 005 - ΗΜΕΡΟΜΗΝΙΑ ΚΑΙ ΩΡΑ ΤΕΛΕΥΤΑΙΑΣ ΕΝΗΜΕΡΩΣΗΣ | |
| Πεδίο ελέγχου | 20250605163215.0 |
| 008 - FIXED-LENGTH DATA ELEMENTS--GENERAL INFORMATION | |
| Πεδίο ελέγχου σταθερού μήκους | 250528s ||||||||||||||||||||||||d |
| 035 ## - SYSTEM CONTROL NUMBER | |
| System control number | 14483 |
| 020 ## - ISBN | |
| ISBN | 9600342229 |
| 040 ## - ΠΗΓΗ ΚΑΤΑΛΟΓΟΓΡΑΦΗΣΗΣ | |
| Φορέας πρωτότυπης καταλογογράφησης | MC Athens Campus Library |
| Γλώσσα καταλογογράφησης | Ελληνικά, Μοντέρνα (1453-) |
| Modifying agency | MC Athens Campus Library |
| Κανόνες περιγραφικής καταλογογράφησης | AACR2 |
| 245 1# - ΤΙΤΛΟΣ ΚΑΙ ΔΗΛΩΣΗ ΥΠΕΥΘΥΝΟΤΗΤΑΣ | |
| Τίτλος | Ερευνώντας τους Λαβύρινθους του Εγκεφάλου / Κλινική Νευροψυχολογία |
| 250 ## - EDITION STATEMENT | |
| Edition statement | 1η |
| 260 ## - PUBLICATION, DISTRIBUTION, ETC. | |
| Name of publisher, distributor, etc. | Καστανιώτη, |
| Date of publication, distribution, etc. | 2006 |
| 300 ## - PHYSICAL DESCRIPTION | |
| Extent | 608 |
| 520 ## - SUMMARY, ETC. | |
| Summary, etc. | Το παρόν βιβλίο παρουσιάζει τα πιο πρόσφατα ευρήματα της κλινικής νευροψυχολογίας, της επιστήμης που μελετά τη σχέση ανάμεσα στον εγκέφαλο και τη συμπεριφορά και εφαρμόζει αυτή τη γνώση στις ψυχολογικές - ψυχιατρικές - νευρολογικές διαταραχές. Ευχαριστίες, Πρόλογος, Σύνδρομα Αποσύνδεσης Μεσολοβίου, Η Ψυχοπαθολογία των Συνδρόμων των Μετωπιαίων Λοβών, Εκτελεστικές Λειτουργίες, Ο Εγκεφαλικός Φλοιός και οι Νοιητικές Λειτουργίες του Εγκεφάλου, Ιππόκαμπος και Διαταραχές της Μνήμης, Η Νόσος του Αλτσχάϊμερ. Πάρκινσον και Απραξίες και Άλλες Κινητικές Διαταραχές του Κεντρικού Νευρικού Συστήματος, Αφασικά Σύνδρομα, Αγνωσία και Αντιληπτικές Διαταραχές, Αλκοόλ και Νευρικό Σύστημα και Εγκέφαλος, Η Κατάθλιψη, Η Σχιζοφρένεια, Η Επιληψία, Η Σκλήρυνση Κατά Πλάκας, Κρανιοεγκεφαλικές Κακώσεις, Διαταραχές της Έννοιας του Σώματος, Βιβλιογραφία. |
| 700 1# - ΠΡΟΣΘΕΤΗ ΑΝΑΓΡΑΦΗ--ΦΥΣΙΚΟ ΠΡΟΣΩΠΟ | |
| Personal name | Βαρβόγλη Λίζα |
| 942 ## - ADDED ENTRY ELEMENTS (KOHA) | |
| Koha item type | Books |
| Τύπος τεκμηρίου | Βιβλιοθήκη | Τρέχουσα τοποθεσία | Barcode | Αριθμός εισαγωγής | Ημερομηνία απόκτησης | Ταξιθετικό σύμβολο | Αριθμός αντιτύπου | Κατάσταση απόσυρσης | Κατάσταση χαμένου | Κατάσταση κατεστραμμένου | Μη δανεισμός | Σύνολο δανεισμών | Ημερομηνία τελευταίας εμφάνισης | Η τιμή ισχύει από |
|---|---|---|---|---|---|---|---|---|---|---|---|---|---|---|
| Books | MC Athens Campus Library | MC Athens Campus Library | 9780000001115 | 1066 | 05/06/2025 | 612.82 VAR | 1 | 05/06/2025 | 05/06/2025 |